Statistics for Boston Celtics Retired Numbers

Click here to take the quiz!

General Stats

  • This quiz has been taken 57 times
  • The average score is 10 of 22

Answer Stats

Jersey Number Career Year Retired Position Player % Correct
331979 - 19921993FLarry Bird
93%
61956 - 19691972CBill Russell
88%
001980 - 19941998CRobert Parish
84%
141950 - 19631963PGBob Cousy
80%
171962 - 19781978SFJohn Havlicek
70%
321980 - 19931994PFKevin McHale
68%
241957 - 19691969SGSam Jones
59%
251958 - 19671967PGK.C. Jones
59%
181970 - 19801981CDave Cowens
50%
21950 - 20061985Head Coach; Gen.Manager; President; Vice-ChairmanArnold "Red" Auerbach
48%
31983 - 19901991GDennis Johnson
48%
101969 - 19791982PGJo Jo White
39%
151956 - 19651966FTom Heinsohn
32%
351987 - 19931995SFReggie Lewis
30%
311977 - 19852003SFCedric Maxwell
25%
211951 - 19611966GBill Sharman
23%
11946 - 19641964Founder; OwnerWalter A. Brown
18%
161960-19731973PFSatch Sanders
18%
221950 - 19561963CEd Macauley
14%
191965 - 19761978FDon Nelson
11%
231954 - 19641964SFFrank Ramsey
9%
LOSCY1955 - 19641964PFJim Loscutoff
7%

Score Distribution

Percentile by Number Answered

Percent of People with Each Score

Your Score History

You have not taken this quiz